| 000 | 00506nam a2200205Ia 4500 | ||
|---|---|---|---|
| 008 | 160819s9999 xx 000 0 und d | ||
| 020 | _a971-5170-79-X | ||
| 050 | _aCUL TX 703 | ||
| 050 | _b.A78 2005 | ||
| 245 | _aArt culinaire : | ||
| 245 | _bthe international magazine in good taste / | ||
| 260 | _aNew Jersey : | ||
| 260 | _bCulinaire, Inc. | ||
| 260 | _c2005 | ||
| 300 | _a84 pages : | ||
| 300 | _bcolor illustrations ; | ||
| 300 | _c32 cm. | ||
| 650 | _aCookbooks. | ||
| 650 | _xCooking. | ||
| 999 |
_c300723 _d300723 |
||